Rules of procedure and conduct of business in Lok Sabha, as modified upto March, 1967. (Record no. 83428)

MARC details
000 -LEADER
fixed length control field 00759cam a22002291 4500
001 - CONTROL NUMBER
control field sa 68010520
003 - CONTROL NUMBER IDENTIFIER
control field DLC
005 - DATE AND TIME OF LATEST TRANSACTION
control field 20260227112552.0
008 - FIXED-LENGTH DATA ELEMENTS--GENERAL INFORMATION
fixed length control field 840608s1967 ii f000 0 eng
010 ## - LIBRARY OF CONGRESS CONTROL NUMBER
LC control number sa 68010520
035 ## - SYSTEM CONTROL NUMBER
System control number (OCoLC)21640323
040 ## - CATALOGING SOURCE
Original cataloging agency DLC
Transcribing agency CU
Modifying agency OCoLC
-- DLC
042 ## - AUTHENTICATION CODE
Authentication code premarc
043 ## - GEOGRAPHIC AREA CODE
Geographic area code a-ii---
050 00 - LIBRARY OF CONGRESS CALL NUMBER
Classification number JQ264
Item number .A3 1967
110 1# - MAIN ENTRY--CORPORATE NAME
Corporate name or jurisdiction name as entry element India.
Subordinate unit Parliament.
-- Lok Sabha.
245 10 - TITLE STATEMENT
Title Rules of procedure and conduct of business in Lok Sabha, as modified upto March, 1967.
Remainder of title 5th ed., laid on the table on the 28th March, 1957.
250 ## - EDITION STATEMENT
Edition statement 5th ed.
260 ## - PUBLICATION, DISTRIBUTION, ETC.
Place of publication, distribution, etc. New Delhi,
Name of publisher, distributor, etc. Lok Sabha Secretariat,
Date of publication, distribution, etc. 1967.
300 ## - PHYSICAL DESCRIPTION
Extent xxxvii, 233 p.
Dimensions 18 cm.
610 10 - SUBJECT ADDED ENTRY--CORPORATE NAME
Corporate name or jurisdiction name as entry element India.
Subordinate unit Parliament.
-- House of the People
General subdivision Rules and practice.

No items available.

Powered by Koha